Mrs. Caldwell habla con su hijo.

Enregistré dans:
Détails bibliographiques
Auteur principal: Cela, Camilo José, 1916-
Format: Livre
Langue:Spanish
Publié: Barcelona : Ediciones Destino, 1953.
Collection:Ancora y delfin ; no.83
LEADER 00700nam a22001931 4500
001 c000203691
003 CARM
005 20021125002000.0
008 851113s1953 sp 1 spa d
019 1 |a 4136254  |5 LACONCORD2021 
035 |a (OCoLC)2394733  |5 LACONCORD2021 
100 1 |a Cela, Camilo José,  |d 1916- 
245 1 0 |a Mrs. Caldwell habla con su hijo. 
260 |a Barcelona :  |b Ediciones Destino,  |c 1953. 
440 0 |a Ancora y delfin ;  |v no.83 
852 8 |b CARM  |h A2:AK33G0  |i A03155  |p 0292996  |f BK 
082 0 4 |a 863.6 
999 f f |i 9eba4cbf-2323-53c1-bf91-372be15bf9d0  |s 0a85ee88-2b5e-5f08-bc19-5c1ac1a4dd6d 
952 f f |p Can circulate  |a CAVAL  |b CAVAL  |c CAVAL  |d CARM 1 Store  |e A03155  |f A2:AK33G0  |h Other scheme  |i book  |m 0292996